000 00494nam a2200205Ia 4500
005 20250425161735.0
008 250425s9999 xx 000 0 und d
020 _a997887075X
041 _aspa
082 _a863.69866
100 _aTOBAR GARCIA, FRANCISCO
245 0 _aAUTOBIOGRAFIA ADMIRABLE DE MI TIA EDUVIGES
250 _a1A ED.
260 _aEcuador
_bEL CONEJO
_c1991
260 _aQUITO
300 _a180
650 _aNOVELA ECUATORIANA
942 _c01
010 _a27042
999 _c215144
_d215144